Hello, My Name Is...'R' Quiz Stats

Quiz Updated Sep 10, 2014

Challenge
Share
Tweet
Score 0/25 Timer 08:00
0 Plays Today
Column % Correct
Robin Williams
97.6%
Ronald Reagan
89.8%
Ray Romano
88.9%
Robert Downey, Jr.
87.3%
Rihanna
86.5%
Ryan Gosling
83%
Rosie O'Donnell
81.5%
Ringo Starr
78.9%
Regis Philbin
72.1%
Rachael Ray
72%
Russell Crowe
71.6%
Reese Witherspoon
70.2%
Randy Jackson
64.2%
Column % Correct
Rodney Dangerfield
61.3%
Roy Orbison
54.4%
Ruth Westheimer
53.6%
Rita Hayworth
49.6%
Renée Zellweger
46.4%
Rock Hudson
45.3%
Ricardo Montalbán
42.8%
Rush Limbaugh
41.2%
River Phoenix
37.8%
Rex Harrison
27%
Ravi Shankar
19.2%
Rosemary Clooney
18.2%

You're not logged in!

Compare scores with friends on all Sporcle quizzes.
Sign Up with Email
OR
Log In

You Might Also Like...

Show Comments

Extras

Top Quizzes Today


Score Distribution

Your Account Isn't Verified!

In order to create a playlist on Sporcle, you need to verify the email address you used during registration. Go to your Sporcle Settings to finish the process.

Report this User

Report this user for behavior that violates our Community Guidelines.

Details: